00878 a2200205 4500003000500000005001700005022001500022040000900037082001500046100003500061245006900096260003000165300001800195505023600213650002800449651002500477942002400502999001900526952012700545NUST20230606170345.0 a817656706X cNust a005.73,KAN aKanetkar, Yashavant P.9113024 aData structures through C (Include CD) / cYashavant P. Kanetkar aNew DelhibBPB Pub.c2003 aviii, 616 p.; aAnalysis of Algorithms (Page-1), Arrays (Page-19), Strings (PAge-65), Linked Lists (Page-103), Sparse Matrices (Page-225), Stacks (Page-281), Queues (Page-331), Trees (Page-373), Searching and Sorting (Page-525), Graphs (Page-583). aData structures9100142 a(Include CD) 98953 2ddccBKk005.73,KAN c179924d179924 00102ddc4070aMCSbMCScGENd2016-12-12o005.73,KANpMCS30643r2016-12-08w2016-12-12yBKB zAlmirah No.109, Shelf No.1